• 首页
  • 本馆介绍
  • 公告通知
  • 最新文献
  • 馆藏检索
  • 电子资源
  • 读者导购
  • 参考咨询
  • 我的图书馆
  • 登录
  • 详细信息显示
  • 放入我的书架
  • 预约/预借图书
  • 作者相关作品
  • 分类相关作品
  • 丛书相关作品
  • 出版社相关作品

书目信息

  • 表格格式
  • 工作单格式
  • 卡片格式
题名:
文化创意产业读本
    
 
作者: 郑涵 , 张莹 主编
分册:  
出版信息: 上海   上海交通大学出版社  2013
页数: 469页
开本: 25cm
丛书名:
单 册:
中图分类: G114
科图分类:
主题词: 文化产业--研究 , 文化产业
电子资源:
ISBN: 978-7-313-08137-7
000 01187nam0 2200277 450
001 523
005 20140909170325.26
010    @a978-7-313-08137-7@dCNY60.00
100    @a20130415d2013 em y0chiy50 ea
101 0  @achi
102    @aCN@b310000
105    @ay z 000yy
106    @ar
200 1  @a文化创意产业读本@AWen Hua Chuang Yi Chan Ye Dou Ben@dThe cultural and creative industry: a reader@f郑涵,张莹主编@FZheng Han, Zhang Ying Zhu Bian@zeng
210    @a上海@c上海交通大学出版社@d2013
215    @a469页@d25cm
300    @a上海市高校人文社会科学重点研究基地基金资助 上海市重点学科(传播学)建设项目资助 媒介研究读本系列
330    @a本书精选了西方文化创意产业领域研究的经典文献25篇,以研究范式中的关键概念作为划分,将论文分门别类的归入理论与方法,知识经济、文化产业、文化创意产业,城市、全球化、文化创意开发,时尚景观与流行文化,文化政策、知识产权、创意指标等5编。
510 1  @aCultural and creative industry: a reader@zeng
606 0  @a文化产业@x研究
606 0  @a文化产业
690    @aG114@v5
701  0 @a郑涵@AZheng Han@c(大学教师)@4主编
701  0 @a张莹@AZhang Ying@c(影视声音)@4主编
801  0 @aCN@bTANGWEI@c20140603
905    @b0840383-85@dG114@e29@f3
    
    文化创意产业读本=The cultural and creative industry: a reader/郑涵,张莹主编.-上海:上海交通大学出版社,2013
    469页;25cm
    上海市高校人文社会科学重点研究基地基金资助 上海市重点学科(传播学)建设项目资助 媒介研究读本系列
    
    ISBN 978-7-313-08137-7:CNY60.00
    本书精选了西方文化创意产业领域研究的经典文献25篇,以研究范式中的关键概念作为划分,将论文分门别类的归入理论与方法,知识经济、文化产业、文化创意产业,城市、全球化、文化创意开发,时尚景观与流行文化,文化政策、知识产权、创意指标等5编。
●
相关链接 在E读中查询图书 在五车中查询图书 在当当中查询图书 在豆瓣中查询图书


正题名:文化创意产业读本     索取号:G114/29         预约/预借

序号 登录号 条形码 馆藏地/架位号 状态 备注
1 0840383   208403832   第一样本阅览室/ [索取号:G114/29] 在馆    
2 0840384   208403841   密集书库-海洋学院/ [索取号:G114/29] 在馆    
3 0840385   208403850   第四借阅区/ [索取号:G114/29] 在馆    
唐山师范学院图书馆 欢迎您!
大连网信软件有限公司© 版权所有